000
00240nam a22001097a 4500
999
_c
480096
_d
480096
003
NUST
008
160603t xxu||||| |||| 00| 0 eng d
038
_a
Mian Adnan
082
_a
616.07
245
_a
Immunology at a glance
942
_2
ddc
_c
BK